000 00417 a2200145 4500
005 20250625073859.0
020 _a9 780471 401421
082 _a519.5 PEL
100 _aPELOSI, M. K.
245 _aElementary Statistics: From Discovery to Decision
260 _aNew York,
_bJohn Wiley & Sons,
_c2003
300 _axii, 777p.; ill, figure, table, picture
_bAppendix
_c28cm
700 _aSANDIFER, T, M.
942 _2ddc
_cBKS
999 _c4939
_d4939